[Event "OMA-ch 11th"]
[Site "Muscat"]
[Date "2024.01.29"]
[Round "7"]
[White "Al Amri, Mohammed Ahmed"]
[Black "Fadhil, Salim Ahmed"]
[Result "1-0"]
[WhiteElo "1717"]
[BlackElo "1483"]
[PlyCount "75"]
[EventDate "2024.01.24"]
[EventType "swiss"]
[EventRounds "9"]
[EventCountry "OMN"]
[SourceTitle "CB06_2024"]
[SourceDate "2024.02.07"]
[SourceVersion "1"]
[SourceVersionDate "2024.02.07"]
[SourceQuality "1"]

1. e4 e5 2. Nc3 Nc6 3. f4 d6 4. Nf3 Bg4 5. Bb5 a6 6. Bxc6+ bxc6 7. 0-0 Nf6 8. h3 h5 9. d3 Qd7 10. f5 Bxf3 11. Qxf3 d5 12. Kh1 d4 13. Nb1 Rb8 14. Nd2 Ng4 15. Nc4 f6 16. Kg1 Nh6 17. a3 Nf7 18. b3 Nd6 19. Nd2 Nb5 20. Bb2 Kd8 21. Rfc1 Bd6 22. a4 Na7 23. Nc4 c5 24. Qg3 Qf7 25. Rf1 Nc6 26. Ba3 a5 27. Qh4 Kc8 28. Bc1 Nb4 29. Qf2 Nc6 30. Bd2 Ra8 31. g3 g6 32. fxg6 Qxg6 33. Qf5+ Qxf5 34. Rf2 Qf4 35. Rxf4 Be7 36. Rf5 Kd7 37. Kh2 Nb4 38. Rg1 1-0

[Event "OMA-ch 11th"]
[Site "Muscat"]
[Date "2024.01.28"]
[Round "6"]
[White "Al Mamari, Ali Abdullah"]
[Black "Al Amri, Mohammed Ahmed"]
[Result "1-0"]
[WhiteElo "1585"]
[BlackElo "1717"]
[PlyCount "87"]
[EventDate "2024.01.24"]
[EventType "swiss"]
[EventRounds "9"]
[EventCountry "OMN"]
[SourceTitle "CB06_2024"]
[SourceDate "2024.02.07"]
[SourceVersion "1"]
[SourceVersionDate "2024.02.07"]
[SourceQuality "1"]

1. d4 Nf6 2. Nf3 e6 3. e3 d5 4. Bd3 Bd6 5. 0-0 0-0 6. b3 b6 7. Bb2 Bb7 8. Nbd2 Nbd7 9. Ne5 Ne4 10. f3 Nxd2 11. Qxd2 f6 12. Nxd7 Qxd7 13. f4 f5 14. Rf3 Rf6 15. Qf2 Raf8 16. h3 Rg6 17. Kf1 Be7 18. Ke2 c5 19. g4 c4 20. bxc4 dxc4 21. Bxc4 Qc6 22. Bb3 Qxf3+ 23. Qxf3 Bxf3+ 24. Kxf3 fxg4+ 25. hxg4 Rh6 26. Kg2 Kh8 27. Rd1 Rg6 28. Kf3 Rh6 29. Kg2 Rg6 30. Kf3 Rh6 31. Rd3 Bd6 32. g5 Rh2 33. Rc3 h5 34. Bxe6 Rh1 35. Ba3 Bxa3 36. Rxa3 h4 37. Kg2 Re1 38. Kf2 Rc1 39. Rc3 Rd1 40. g6 Rd2+ 41. Kg1 Re2 42. f5 h3 43. e4 Rg2+ 44. Kh1 1-0

[Event "OMA-chT 6th"]
[Site "Muscat"]
[Date "2023.08.05"]
[Round "4.1"]
[White "Al Amri, Mohammed Ahmed"]
[Black "Al Kharusi, Mohammed"]
[Result "1-0"]
[WhiteElo "1753"]
[BlackElo "1499"]
[PlyCount "87"]
[EventDate "2023.08.03"]
[EventType "team-swiss"]
[EventRounds "9"]
[EventCountry "OMN"]
[SourceTitle "EXT 2024"]
[Source "ChessBase"]
[SourceDate "2023.10.10"]
[SourceVersion "1"]
[SourceVersionDate "2023.10.10"]
[SourceQuality "1"]
[WhiteTeam "Mirbat"]
[BlackTeam "Masirah White"]
[WhiteTeamCountry "OMN"]
[BlackTeamCountry "OMN"]

1. e4 e5 2. Nc3 Bc5 3. Bc4 Nf6 4. d3 h6 5. Na4 Bb6 6. Nxb6 axb6 7. Ne2 d6 8. h3 Nc6 9. a3 Be6 10. Bxe6 fxe6 11. 0-0 0-0 12. Ng3 Ne7 13. Be3 Ng6 14. Qc1 Qe8 15. Qe1 Nf4 16. d4 Qc6 17. dxe5 dxe5 18. Qb4 Ra4 19. Qb3 Nxe4 20. Bxf4 exf4 21. Nxe4 Rxe4 22. Rae1 Rf6 23. Rxe4 Qxe4 24. Qc3 f3 25. g3 c5 26. Re1 Qf5 27. Kh2 h5 28. h4 g5 29. Re5 Qh7 30. Rxg5+ Kf7 31. Qe5 Rg6 32. Qf4+ Ke8 33. Qe4 Rg7 34. Qxe6+ Kf8 35. Qc8+ Kf7 36. Qxb7+ Kf8 37. Qxf3+ Rf7 38. Qa8+ Ke7 39. Qb7+ Kd8 40. Qxb6+ Ke8 41. Re5+ Kf8 42. Qxc5+ Kg7 43. Rg5+ Kf6 44. Qe5# 1-0

[Event "OMA-ch 10th"]
[Site "Muscat"]
[Date "2023.02.17"]
[Round "2"]
[White "Fadhil, Salim Ahmed"]
[Black "Al Amri, Mohammed Ahmed"]
[Result "0-1"]
[WhiteElo "1494"]
[BlackElo "1705"]
[PlyCount "100"]
[EventDate "2023.02.16"]
[EventType "swiss"]
[EventRounds "9"]
[EventCountry "OMN"]
[SourceTitle "EXT 2024"]
[Source "ChessBase"]
[SourceDate "2023.10.10"]
[SourceVersion "1"]
[SourceVersionDate "2023.10.10"]
[SourceQuality "1"]

1. e4 d6 2. d4 g6 3. Nf3 Bg7 4. Bc4 Nf6 5. Nc3 c6 6. 0-0 0-0 7. e5 Ne8 8. Bg5 Bg4 9. Re1 d5 10. Bd3 Nc7 11. h3 Bxf3 12. Qxf3 Ne6 13. Be3 Nd7 14. Ne2 f6 15. Qg4 f5 16. Qh4 Qe8 17. f4 c5 18. c4 Nb6 19. b3 dxc4 20. bxc4 cxd4 21. Nxd4 Nxd4 22. Bxd4 e6 23. Bc5 Rf7 24. Bd6 Rc8 25. c5 Nd7 26. Bb5 Bf8 27. Rac1 a6 28. Ba4 b5 29. cxb6 Bxd6 30. exd6 Rxc1 31. Rxc1 Qb8 32. Rc7 Qxb6+ 33. Kh2 Nf6 34. Rc8+ Kg7 35. Rc6 Qd8 36. Qf2 Ne4 37. Qb6 Qh4 38. Qe3 Nf2 39. Kg1 Ne4 40. Bc2 Nf6 41. Qxe6 Qxf4 42. Bb3 Rd7 43. Rxa6 Qd4+ 44. Kh2 Kh6 45. Ba4 Rg7 46. Bb3 Rd7 47. Ba4 Rb7 48. Bc6 Qf4+ 49. g3 Qf2+ 50. Bg2 Rb2 0-1

[Event "Asia-ch Amateur"]
[Site "Muscat"]
[Date "2022.09.29"]
[Round "1"]
[White "Al Yahmedi, Abdul Rahman"]
[Black "Al Amri, Mohammed Ahmed"]
[Result "0-1"]
[WhiteElo "1073"]
[BlackElo "1693"]
[PlyCount "66"]
[EventDate "2022.09.29"]
[EventType "swiss"]
[EventRounds "9"]
[EventCountry "OMN"]
[SourceTitle "CBM 210 Extra"]
[Source "ChessBase"]
[SourceDate "2022.11.30"]
[SourceVersion "1"]
[SourceVersionDate "2022.11.30"]
[SourceQuality "1"]

1. b3 Nf6 2. Bb2 e6 3. e3 b6 4. Nf3 Bb7 5. c4 Be7 6. d4 d5 7. Qc2 Nbd7 8. Nbd2 h6 9. Bd3 Rc8 10. Rg1 c5 11. 0-0-0 dxc4 12. bxc4 b5 13. Kb1 cxd4 14. exd4 bxc4 15. Bxc4 Nd5 16. Qd3 Qb6 17. Bb5 Rc3 18. Bxc3 Qxb5+ 19. Nb3 Ba6 20. Qxb5 Nxc3+ 21. Kb2 Nxb5 22. a4 Nd6 23. Nfd2 0-0 24. f4 Rb8 25. Rc1 Nb6 26. Ka2 Nbc4 27. Rc2 Rb4 28. Nc5 Nxd2 29. Rxd2 Bc4+ 30. Ka1 Bd5 31. Rb1 Rc4 32. g4 Bf6 33. Rbd1 Bf3 0-1

[Event "OMA-chT Clubs"]
[Site "Muscat"]
[Date "2022.09.01"]
[Round "8.1"]
[White "Velavaa, Ragavesh"]
[Black "Al Amri, Mohammed Ahmed"]
[Result "1/2-1/2"]
[WhiteElo "1458"]
[BlackElo "1693"]
[PlyCount "98"]
[EventDate "2022.08.26"]
[EventType "team-swiss"]
[EventRounds "9"]
[EventCountry "OMN"]
[SourceTitle "EXT 2023"]
[Source "ChessBase"]
[SourceDate "2022.10.05"]
[SourceVersion "1"]
[SourceVersionDate "2022.10.05"]
[SourceQuality "1"]
[WhiteTeam "Al Suwaiq"]
[BlackTeam "Masirah White"]
[WhiteTeamCountry "OMN"]
[BlackTeamCountry "OMN"]

1. e4 e5 2. Nf3 Nc6 3. Bc4 Nf6 4. d4 exd4 5. 0-0 Bc5 6. c3 d3 7. Bxd3 d6 8. h3 h6 9. a4 a5 10. Nbd2 0-0 11. Nb3 Bb6 12. Bf4 Ne7 13. Qc2 Ng6 14. Bh2 Nd7 15. Rad1 Qe7 16. Kh1 Nde5 17. Be2 Nxf3 18. Bxf3 Ne5 19. Be2 f5 20. f4 Nc6 21. Bd3 Qf6 22. exf5 Bxf5 23. Bxf5 Qxf5 24. Qxf5 Rxf5 25. g4 Rff8 26. Rfe1 Rae8 27. Kg2 Kf7 28. Kf3 g6 29. Bg3 Kg7 30. Rxe8 Rxe8 31. Re1 Rxe1 32. Bxe1 g5 33. Bg3 Kf6 34. Nd2 d5 35. h4 Nd8 36. Nf1 Ne6 37. Ne3 Bxe3 38. Kxe3 c6 39. fxg5+ hxg5 40. h5 Nc5 41. Bc7 Nxa4 42. Bxa5 b6 43. b3 bxa5 44. bxa4 c5 45. Kd3 Kg7 46. Ke3 Kf6 47. c4 d4+ 48. Ke4 Ke6 49. Kd3 Ke5 1/2-1/2

[Event "OMA-chT Clubs"]
[Site "Muscat"]
[Date "2022.08.29"]
[Round "5.2"]
[White "Al Kathiri, Mana"]
[Black "Al Amri, Mohammed Ahmed"]
[Result "1/2-1/2"]
[WhiteElo "1598"]
[BlackElo "1693"]
[PlyCount "62"]
[EventDate "2022.08.26"]
[EventType "team-swiss"]
[EventRounds "9"]
[EventCountry "OMN"]
[SourceTitle "EXT 2023"]
[Source "ChessBase"]
[SourceDate "2022.10.05"]
[SourceVersion "1"]
[SourceVersionDate "2022.10.05"]
[SourceQuality "1"]
[WhiteTeam "Salalah II"]
[BlackTeam "Masirah White"]
[WhiteTeamCountry "OMN"]
[BlackTeamCountry "OMN"]

1. d4 d5 2. Nf3 Nf6 3. Bf4 e6 4. e3 Bd6 5. Nbd2 0-0 6. Bd3 c5 7. Bxd6 Qxd6 8. c3 Nc6 9. 0-0 e5 10. dxe5 Nxe5 11. Nxe5 Qxe5 12. Nf3 Qc7 13. h3 h6 14. Rc1 Be6 15. Bb1 Rad8 16. Re1 Qc8 17. Qe2 Bf5 18. Bxf5 Qxf5 19. Red1 Rfe8 20. Qf1 a6 21. Rd3 Qe6 22. Rcd1 Qb6 23. b3 Qc7 24. c4 dxc4 25. Rxd8 Rxd8 26. Rxd8+ Qxd8 27. Qxc4 Qd1+ 28. Kh2 Qd6+ 29. Kg1 Qd1+ 30. Kh2 Qd6+ 31. Kg1 Qd1+ 1/2-1/2